Bagaimana hendak mendorong semangat kerja

Bibliographic Details
Main Author: Ainon Mohd
Format: Book
Published: Pahang : PTS Publications & Distributors Sdn. Bhd , 2004
Series:Siri motivasi
Subjects:

MARC

LEADER 00000cam a2200000 7i4500
001 0000039443
005 20131224.0
008 131224
020 |a 9831921836 
090 0 0 |a 658.314   |b AIN 
100 1 |a Ainon Mohd 
245 1 0 |a Bagaimana hendak mendorong semangat kerja   |c Ainon Mohd 
260 |a Pahang :   |b PTS Publications & Distributors Sdn. Bhd ,   |c 2004 
440 |a Siri motivasi 
650 0 |a Achievement motivation 
650 0 |a Employee motivation 
650 0 |a Motivation (psychology) 
999 |a 0000909584   |b Book   |c Adult Collection   |e Cawangan Bandar Tenggara 
999 |a 0001257778   |b Book   |c Adult Collection   |e Perbadanan Perpustakaan Awam Johor